000 02099nam a2200529 i 4500
001 25847
003 KOSZ 005
005 20230118144824.0
008 200728s1973 pl a f 000 0 pol
015 _aUWD 1974/2195
035 _a991028037929705066
035 _a(PL-WaBN)b17594819-48omnis_nlop
035 _ab17594819
035 _a(OCoLC)838742975
035 _a(PL)b0000001759481
035 _a(EXLNZ-48OMNIS_NETWORK)9910298980305606
040 _aWA N
_cWA N
_dKOSZ 005/RW
046 _k1973
080 _a004.387
080 _a(076)
100 1 _aCzyżkowski, Zdzisław
_eAutor
245 1 0 _aĆwiczenia laboratoryjne z maszyn analogowych /
_cZdzisław Czyżkowski, Edward Kącki, Mirosław Woźniakowski ; pod redakcją Edwarda Kąckiego.
260 _aŁódź :
_bWydawnictwo Naukowe Politechniki Łódzkiej,
_c1973.
300 _a149 stron :
_bilustracje, wykresy ;
_c21 cm.
336 _aTekst
_btxt
_2rdacontent
337 _aBez urządzenia pośredniczącego
_bn
_2rdamedia
338 _aWolumin
_bnc
_2rdacarrier
380 _aKsiążki
380 _aPublikacje dydaktyczne
385 _mPoziom nauczania
_aSzkoły wyższe
388 1 _a1901-2000
388 1 _a1945-1989
490 1 _aSkrypty dla Szkół Wyższych / Politechnika Łódzka
521 8 _aSkrypt przeznaczony jest dla studentów Wydziału Elektrycznego Politechniki Łódzkiej.
650 7 _aKomputery analogowe
_2DBN
650 7 _aZastosowanie i wykorzystanie
655 7 _aĆwiczenia i zadania dla szkół wyższych
_2DBN
658 _aInżynieria i technika
658 _aInformatyka i technologie informacyjne
700 1 _aWoźniakowski, Mirosław
_c(informatyk)
_eAutor
700 1 _aKącki, Edward
_d(1925-2022)
_eAutor
_eRedakcja
710 2 _aWydawnictwo Naukowe Politechniki Łódzkiej
_4pbl
830 0 _aSkrypty dla Szkół Wyższych - Politechnika Łódzka
856 _uhttp://koha.tu.koszalin.pl/cgi-bin/koha/opac-detail.pl?biblionumber=25847
_yKatalog online BPK
942 _2UKD
_cKS
999 _c25847
_d25847